Myths about rock art /
Rather than considering the myths supposedly depicted in the world's rock art, this work examines the myths archaeologists and others have created about the meanings and significance of rock art.
المؤلف الرئيسي:
التنسيق: كتاب الكتروني
اللغة: English
منشور في:
Oxford :
Archaeopress,
[2016]
الموضوعات:
الوصول للمادة أونلاين: Login to view Source
الوسوم: إضافة وسم
رقم الطلب: GN799.P4
| LEADER | 01528nam a2200373 i 4500 | ||
|---|---|---|---|
| 001 | EDZ0001585187 | ||
| 003 | StDuBDS | ||
| 005 | 20230412181841.0 | ||
| 006 | m|||||o||d|||||||| | ||
| 007 | cr ||||||||||| | ||
| 008 | 161114s2016 enka f 000|0|eng|d | ||
| 020 | |a 9781784914752 (ebook) : |c No price | ||
| 040 | |a StDuBDS |b eng |c StDuBDS |e rda |e pn | ||
| 050 | 4 | |a GN799.P4 | |
| 082 | 0 | 4 | |a 709.0113 |2 23 |
| 100 | 1 | |a Bednarik, Robert G., |e author. | |
| 245 | 1 | 0 | |a Myths about rock art / |c Robert G. Bednarik. |
| 264 | 1 | |a Oxford : |b Archaeopress, |c [2016] | |
| 300 | |a 1 online resource : |b illustrations (black and white, and colour) | ||
| 336 | |a text |2 rdacontent | ||
| 336 | |a still image |2 rdacontent | ||
| 337 | |a computer |2 rdamedia | ||
| 338 | |a online resource |2 rdacarrier | ||
| 500 | |a Previously issued in print: 2016. | ||
| 520 | 8 | |a Rather than considering the myths supposedly depicted in the world's rock art, this work examines the myths archaeologists and others have created about the meanings and significance of rock art. | |
| 521 | |a Specialized. | ||
| 588 | |a Description based on online resource; title from home page (viewed on November 14, 2016). | ||
| 650 | 0 | |a Petroglyphs. | |
| 650 | 0 | |a Rock paintings. | |
| 776 | 0 | 8 | |i Print version : |z 9781784914745 |
| 856 | 4 | 0 | |3 Archaeopress |u http://library.arce.org:8087/Archaeopress/Products/9781784914745 |
| 942 | |2 lcc |c EBOOK | ||
| 952 | |0 0 |1 0 |4 0 |6 GN0799 P4 |7 1 |9 46213 |a ARCH |b ARCH |d 2023-04-12 |l 0 |o GN799.P4 |r 2023-04-12 00:00:00 |w 2023-04-12 |y EBOOK | ||
| 999 | |c 51871 |d 51871 | ||
